000 01013nam a2200289 i 4500
001 000038932
003 DO-SdBNP
005 20251124124651.0
007 ta
008 130506s2013 dr ac 000 0 spa d
020 _a9789993431459
040 _aDO-SdBNP
_bspa
_cBNPHU
_erda
041 _aspa
082 _axxx
_bA385
_222
245 0 0 _aAlfaro y Amapala :
_bpacto político y reservado y carta de Eloy Alfaro a Máximo Gómez ; presentación Carlos López Damm ; prólogo Diómedes Núñez Polanco.
264 _asanto Domingo :
_bBiblioteca Nacional Pedro Henríquez Ureña,
_c2013.
300 _a89 páginas :
_bilustraciones retratos. ;
_c23 cm.
336 _ardacontent
_btexto
_2txt
337 _ardamedia
_bsin mediació
_2n
338 _ardacarrier
_bvolumen
_2nc
500 _aIncluye notas al pie de las páginas
590 _aInventariado, 2023 / DG
700 1 _aNuñez Polanco, Diómedes
_d1952-
_eprólogo
_983559
700 1 _aLópez Damm, Carlos
_965199
910 _aDG
942 _2ddc
_cLBS1
999 _c38422
_d38422